Xây dựng bộ tiêu bản hình ảnh thực vật rừng ngập mặn tại huyện Ngọc Hiển Cà Mau : Báo cáo tổng kết đề tài nghiên cứu khoa học của sinh viên

Khảo sát và mô tả đặc tính thực vật để xây dựng bộ tiêu bản hình ảnh một số thực vật rừng ngập mặn phổ biến tại huyện Ngọc Hiển Cà Mau nhằm mục đích phục vụ cho việc giảng dạy và học tập....

Volledige beschrijving

Bewaard in:
Bibliografische gegevens
Hoofdauteur: Trần, Quốc Đảm
Formaat: Boek
Taal:Undetermined
Gepubliceerd in: Cần Thơ Trường Đại học Cần Thơ 2018
Onderwerpen:
Tags: Voeg label toe
Geen labels, Wees de eerste die dit record labelt!
Thư viện lưu trữ: Trung tâm Học liệu Trường Đại học Cần Thơ
LEADER 01195nam a2200217Ia 4500
001 CTU_229117
008 210402s9999 xx 000 0 und d
082 |a 577.3 
082 |b Đ104 
088 |a TSV2018-74 
100 |a Trần, Quốc Đảm 
245 0 |a Xây dựng bộ tiêu bản hình ảnh thực vật rừng ngập mặn tại huyện Ngọc Hiển Cà Mau : 
245 0 |b Báo cáo tổng kết đề tài nghiên cứu khoa học của sinh viên 
245 0 |c Trần Quốc Đảm (Chủ nhiệm đề tài) ; Lê Tấn Lợi (Người hướng dẫn) 
260 |a Cần Thơ 
260 |b Trường Đại học Cần Thơ 
260 |c 2018 
520 |a Khảo sát và mô tả đặc tính thực vật để xây dựng bộ tiêu bản hình ảnh một số thực vật rừng ngập mặn phổ biến tại huyện Ngọc Hiển Cà Mau nhằm mục đích phục vụ cho việc giảng dạy và học tập. 
650 |a Forest ecology,Sinh thái rừng 
910 |b nthai 
980 |a Trung tâm Học liệu Trường Đại học Cần Thơ